| 000 | 00354nam a2200133Ia 4500 | ||
|---|---|---|---|
| 005 | 20260328104322.0 | ||
| 008 | 260328s9999||||xx |||||||||||||| ||und|| | ||
| 100 | _aMontañez, Darién | ||
| 245 | 0 |
_aCasco Viejo de Frente : _b Ciudad de Panamá 500 Años / _cDarién Montañez |
|
| 260 | _bLetrarte | ||
| 300 | _a50 p. | ||
| 650 | _aPANAMÁ | ||
| 942 | _cBK | ||
| 999 |
_c11391 _d11391 |
||